| 000 | 00510nam a22001577a 4500 | ||
|---|---|---|---|
| 003 | OSt | ||
| 005 | 20240415161117.0 | ||
| 008 | 240415b |||||||| |||| 00| 0 eng d | ||
| 040 | _cMRSPTU | ||
| 100 | _aRishi Ved Vyas (ਰਿਸ਼ੀ ਵੇਦ ਵਿਆਸ) | ||
| 245 | _aSarvotam Vishav Mahakav Mahabharat (ਸਰਵੋਤਮ ਵਿਸ਼ਵ ਮਹਾਂਕਾਵਿ ਮਹਾਭਾਰਤ) | ||
| 250 | _a1st | ||
| 260 |
_aPunjab _bDirector Education Department _c1998 |
||
| 300 | _a542 | ||
| 942 |
_2ddc _cBK _n0 |
||
| 999 |
_c10030 _d10030 |
||